000 00455nam a22001817a 4500
003 NUST - PNEC
005 20170116180900.0
008 150901b xxu||||| |||| 00| 0 eng d
020 _a8185617988
040 _cLIBRARY
082 _a621.75 CHA
100 _96230
_aChapman, W. A. J.
245 _aWorkshop technology.
_cW.A.J. Chapman
250 _aThird Edition
260 _cc.1998
650 _96232
_aMachine-shop practice
_xME
942 _2ddc
_cBK
999 _c64922
_d64922